000 00755nam a2200253Ia 4500
003 OSt
005 20221005042707.0
006 a|||||r|||| 00| 0
007 ta
008 221004b |||||||| |||| 00| 0 eng d
020 _a9781844645250 (pbk)
_c1542.17
024 _a13120
037 _b852, 14/03/2014, Bright Book Service
_cTextual
040 _aCRL
_cCRL
_beng
041 _2eng
_aeng
082 _aR3xN46, Q2
100 _aTallis Raymond
245 0 _aDefence of wonder and other philosophical reflections
260 _aDurham
_bAcumen UK
_c2012
300 _aix, 246p.
_ccm.
650 _aPHILOSOPHY
942 _hR3xN46, Q2
_cTEXL
_2cc
999 _c950699
_d950699